Vzťah medzi úspešnosťou na olympijských hrách a socioekonomickými faktormi účastníckych celkov
Enregistré dans:
| Auteur principal: | |
|---|---|
| Format: | Chapitre de livre |
| Langue: | slovaque |
| Sujets: | |
| Tags: |
Pas de tags, Soyez le premier à ajouter un tag!
|
MARC
| LEADER | 00000naa$a2200000$$$4500 | ||
|---|---|---|---|
| 001 | 0306571 | ||
| 005 | 20251028111232.5 | ||
| 041 | 0 | |a slo | |
| 044 | |a SK | ||
| 245 | 1 | 0 | |a Vzťah medzi úspešnosťou na olympijských hrách a socioekonomickými faktormi účastníckych celkov |c Drahomíra Lörincziová |
| 500 | |a Abstrakt | ||
| 610 | 2 | 0 | |a hry olympijské |
| 610 | 2 | 0 | |a šport |
| 610 | 2 | 0 | |a ukazovatele sociálno-ekonomické |
| 610 | 2 | 0 | |a produkt domáci hrubý |
| 100 | 1 | |a Lörincziová, Drahomíra, 1971- | |